00637pam a2200181 4500001000500000005001700005008003900022010001600061020003200077020003900109245010200148260005800250300002600308504006400334650001400398700002000412700002300432224120181127164814.0900201s1990 cau b 001 0 eng a 90009518 a0804718172 (alk. paper) :c a0804718180 (pbk. : alk. paper) :c04aThe ends of rhetoric :bHistory, theory, practice /cedited by John Bender and David E. Wellbery. aStanford, Calif. :bStanford University Press,c1990. axiv, 238 p. ;c24 cm. aIncludes bibliographical references (p. 209-231) and index. 0aRhetoric.1 aBender, John B.1 aWellbery, David E.